000 00444ntaaa2200181 4500
003 01
005 20251027202626.0
008 0714s1973 ag 01
040 _aAR-BaBN
_bspa
_cAR-BaBN
_eaacr
_dRIC
082 _a371.1300 F855
100 _aFreeman, Frank N
_925556
245 _aExperimental education
250 _a1 ed.
260 _aBoston :
_bHougnton Mifflin Co.,
_cc1916
300 _aviii, 220 p
650 _aeducación
942 _cBK
999 _c21403
_d21403